Chip magazín informačních technologií

Salvato in:
Dettagli Bibliografici
Natura: Periodico
Lingua:ceco
Pubblicazione: Praha Burda Praha 2008
Soggetti:
Tags: Aggiungi Tag
Nessun Tag, puoi essere il primo ad aggiungerne!!

MARC

LEADER 00000nas2a2200000 4500
001 0147758
005 20120214083726.1
022 |a 1210-0684 
041 0 |a cze 
044 |a CZ 
245 1 0 |a Chip  |b magazín informačních technologií 
264 1 |a Praha  |b Burda Praha  |c 2008 
773 0 |w eu_un_cat*s120051 
610 2 0 |a technika výpočtová 
610 2 0 |a hardvér 
610 2 0 |a softvér